[Event "Nord West Cup 08th"]
[Site "Bad Zwischenahn"]
[Date "2006.02.04"]
[Round "4"]
[White "Blancke, Stefan"]
[Black "Schuette, Marc"]
[Result "1/2-1/2"]
[WhiteElo "2261"]
[BlackElo "2194"]
[PlyCount "56"]
[EventDate "2006.02.02"]
[EventType "swiss"]
[EventRounds "7"]
[EventCountry "GER"]
[SourceTitle "EXT 2007"]
[Source "ChessBase"]
[SourceDate "2006.11.23"]
[SourceVersion "1"]
[SourceVersionDate "2006.11.23"]
[SourceQuality "1"]

1. d4 d5 2. c4 Nc6 3. cxd5 Qxd5 4. e3 e5 5. Nc3 Bb4 6. Bd2 Bxc3 7. bxc3 Qd6 8. Bd3 Nge7 9. Ne2 0-0 10. 0-0 Be6 11. Qb1 f5 12. f3 b6 13. Be1 Rad8 14. Bf2 Na5 15. e4 fxe4 16. Bxe4 Bf5 17. Bg3 Nac6 18. Qb5 Bxe4 19. fxe4 Ng6 20. Rf5 Nce7 21. Bxe5 Nxe5 22. Rxe5 Qf6 23. Ng3 Qf2+ 24. Kh1 Ng6 25. Qc4+ Kh8 26. Rf5 Rxf5 27. Nxf5 Nf4 28. Rg1 Nh3 1/2-1/2

[Event "Oberliga Nord W 9697"]
[Site "Germany"]
[Date "1997.04.13"]
[Round "8.2"]
[White "Blancke, Stefan"]
[Black "David, Adrian"]
[Result "1/2-1/2"]
[WhiteElo "2265"]
[BlackElo "2330"]
[PlyCount "53"]
[EventDate "1996.10.??"]
[EventType "team"]
[EventRounds "9"]
[EventCountry "GER"]
[SourceTitle "EXT 2003"]
[Source "ChessBase"]
[SourceDate "2002.11.25"]
[SourceVersion "1"]
[SourceVersionDate "2002.11.25"]
[SourceQuality "1"]
[WhiteTeam "Buxtehude"]
[BlackTeam "Hameln"]
[WhiteTeamCountry "GER"]
[BlackTeamCountry "GER"]

1. Nf3 Nf6 2. c4 e6 3. d4 Bb4+ 4. Nbd2 b6 5. g3 Ba6 6. Qc2 0-0 7. Bg2 d5 8. 0-0 c6 9. b3 Bb7 10. Bb2 Nbd7 11. e4 c5 12. exd5 exd5 13. dxc5 Bxc5 14. Nd4 Rc8 15. Rad1 Qc7 16. Qb1 dxc4 17. Bxb7 Qxb7 18. Nxc4 b5 19. Nd2 Rfe8 20. N2f3 a6 21. Qf5 Qb6 22. Qh3 Qb7 23. Qf5 Rcd8 24. Rfe1 Rxe1+ 25. Rxe1 Qb6 26. Qc2 Qb7 27. Qf5 1/2-1/2

[Event "Oberliga Nord W 9697"]
[Site "Germany"]
[Date "1997.01.12"]
[Round "4.2"]
[White "Blancke, Stefan"]
[Black "Buck, Lars"]
[Result "1/2-1/2"]
[WhiteElo "2265"]
[BlackElo "2190"]
[PlyCount "81"]
[EventDate "1996.10.??"]
[EventType "team"]
[EventRounds "9"]
[EventCountry "GER"]
[SourceTitle "EXT 2003"]
[Source "ChessBase"]
[SourceDate "2002.11.25"]
[SourceVersion "1"]
[SourceVersionDate "2002.11.25"]
[SourceQuality "1"]
[WhiteTeam "Buxtehude"]
[BlackTeam "Stader SV"]
[WhiteTeamCountry "GER"]
[BlackTeamCountry "GER"]

1. Nf3 g6 2. c4 Bg7 3. d4 c5 4. Nc3 cxd4 5. Nxd4 Nc6 6. Nc2 Nf6 7. g3 0-0 8. Bg2 Ne5 9. b3 d6 10. 0-0 Rb8 11. Be3 b6 12. h3 Bb7 13. Nd5 Qd7 14. Nd4 e6 15. Nxf6+ Bxf6 16. Rc1 Bxg2 17. Kxg2 Rfd8 18. Bf4 Qb7+ 19. Kg1 Rbc8 20. Qd2 d5 21. Qe3 Nc6 22. Nxc6 Qxc6 23. cxd5 Qxd5 24. Rxc8 Rxc8 25. Rc1 Rd8 26. Qf3 g5 27. Be3 Qxf3 28. exf3 Rd7 29. Kf1 Kf8 30. Ke2 Ke7 31. f4 gxf4 32. Bxf4 Bd4 33. Rc8 e5 34. Be3 Bxe3 35. Kxe3 f5 36. Rc6 Rd6 37. Rc7+ Rd7 38. Rxd7+ Kxd7 39. f4 e4 40. g4 Ke6 41. Kd4 1/2-1/2

[Event "Formia op"]
[Site "Formia"]
[Date "1994.??.??"]
[Round "9"]
[White "Belotti, Bruno"]
[Black "Blancke, Stefan"]
[Result "1-0"]
[WhiteElo "2420"]
[BlackElo "2275"]
[PlyCount "131"]
[EventDate "1994.??.??"]
[EventType "swiss"]
[EventRounds "9"]
[EventCountry "ITA"]
[SourceTitle "EXT 1999"]
[Source "ChessBase"]
[SourceDate "1998.11.16"]
[SourceVersion "1"]
[SourceVersionDate "1998.11.16"]
[SourceQuality "1"]

1. e4 Nf6 2. d3 e5 3. Nf3 Nc6 4. Be2 d5 5. Nbd2 Be7 6. c3 0-0 7. b4 a6 8. Bb2 Re8 9. 0-0 Bg4 10. a3 Bf8 11. Re1 Qd7 12. Qc2 Rad8 13. Rad1 Qc8 14. Nf1 Bh5 15. Ng3 Bg6 16. Nh4 Ne7 17. Bf3 dxe4 18. dxe4 Qe6 19. Be2 Nc6 20. Nxg6 hxg6 21. Nf1 g5 22. Ne3 Rxd1 23. Rxd1 Rd8 24. Re1 g6 25. Bc4 Qc8 26. Nd5 Ne8 27. Bc1 g4 28. a4 Rd6 29. Qa2 Qd7 30. b5 axb5 31. axb5 Ne7 32. Ne3 Rf6 33. Be2 Nd6 34. Nxg4 Re6 35. Rd1 Qe8 36. Qb1 Kh7 37. Ne3 Bh6 38. c4 b6 39. Nd5 Nxd5 40. cxd5 Re7 41. Ba3 Qd7 42. Rd3 Re8 43. Rc3 Ra8 44. Bc1 Bg7 45. Qc2 Ra7 46. Rc6 Bf6 47. Bb2 Qe7 48. Bd3 Ne8 49. Qc3 Bg7 50. g3 Kg8 51. Kg2 Kh7 52. Qb3 Kg8 53. Rxg6 Nd6 54. Rg4 Qd7 55. h3 Kh7 56. Bc3 Qe8 57. Qb2 Ra4 58. Rh4+ Kg8 59. Rg4 Kh7 60. Qe2 Ra3 61. Qd2 Bf6 62. Qb2 Ra4 63. Kg1 Qa8 64. Bxe5 Ra2 65. Bxf6 Rxb2 66. e5+ 1-0

[Event "Formia op"]
[Site "Formia"]
[Date "1994.??.??"]
[Round "2"]
[White "Grosar, Aljosa"]
[Black "Blancke, Stefan"]
[Result "1-0"]
[WhiteElo "2435"]
[BlackElo "2275"]
[PlyCount "96"]
[EventDate "1994.??.??"]
[EventType "swiss"]
[EventRounds "9"]
[EventCountry "ITA"]
[SourceTitle "EXT 1999"]
[Source "ChessBase"]
[SourceDate "1998.11.16"]
[SourceVersion "1"]
[SourceVersionDate "1998.11.16"]
[SourceQuality "1"]

1. e4 Nf6 2. e5 Nd5 3. d4 d6 4. Nf3 Bg4 5. Be2 c6 6. c4 Nb6 7. Nbd2 dxe5 8. Nxe5 Bxe2 9. Qxe2 N8d7 10. Nef3 e6 11. 0-0 Be7 12. b3 0-0 13. Bb2 Nf6 14. Rfd1 Qc7 15. Nf1 Rad8 16. Ng3 Nc8 17. Ne5 Nd6 18. h3 Rfe8 19. Bc3 Nf5 20. Ne4 Nxe4 21. Qxe4 Bf8 22. Rd3 f6 23. Nf3 Qf7 24. Re1 Qg6 25. Rd2 Rd7 26. Rde2 c5 27. d5 e5 28. g4 Nd6 29. Qe3 Nf5 30. Qd3 Nd4 31. Re4 Rdd8 32. Bxd4 exd4 33. Nh4 Qf7 34. Kf1 g6 35. f4 Bd6 36. f5 Rxe4 37. Rxe4 g5 38. Nf3 Bf4 39. Re6 Be3 40. Qe4 Rd7 41. Re8+ Kg7 42. d6 Bf4 43. Re7 Rxe7 44. dxe7 Qe8 45. Qe6 h5 46. Ke2 hxg4 47. hxg4 b5 48. Nd2 Qh8 1-0

[Event "Formia op"]
[Site "Formia"]
[Date "1994.??.??"]
[Round "3"]
[White "Langeweg, Kick"]
[Black "Blancke, Stefan"]
[Result "1-0"]
[WhiteElo "2390"]
[BlackElo "2275"]
[PlyCount "77"]
[EventDate "1994.??.??"]
[EventType "swiss"]
[EventRounds "9"]
[EventCountry "ITA"]
[SourceTitle "EXT 1999"]
[Source "ChessBase"]
[SourceDate "1998.11.16"]
[SourceVersion "1"]
[SourceVersionDate "1998.11.16"]
[SourceQuality "1"]

1. d4 d5 2. c4 e6 3. Nf3 c5 4. cxd5 exd5 5. g3 Nc6 6. Bg2 Nf6 7. 0-0 Be7 8. Nc3 0-0 9. dxc5 Bxc5 10. Bg5 d4 11. Ne4 Be7 12. Bxf6 Bxf6 13. Ne1 Re8 14. Nd3 Bg4 15. Rc1 Rc8 16. Re1 Bg5 17. Nxg5 Qxg5 18. Rc5 Qe7 19. Qa4 Qd6 20. Rd5 Qh6 21. Qd1 Re7 22. Bf3 Bxf3 23. exf3 Rxe1+ 24. Qxe1 Qf6 25. Qe4 Rd8 26. Rd7 g6 27. Rxb7 Kg7 28. b4 a5 29. bxa5 Nxa5 30. Rc7 Rd6 31. f4 Rc6 32. Rd7 Nc4 33. Qd5 Rd6 34. Rxd6 Nxd6 35. Ne5 Nf5 36. a4 h5 37. a5 Nh6 38. Qxd4 Kh7 39. Qd5 1-0